000 00558cam a2200181 a 4500
001 000004336
005 20200929151427.0
008 750530s1956 pau 000 0 eng
040 _aDO-SdBNP
_cFO
_dOCoLC
_dCoP
_dDLC
082 _a813.54
_bB735h
100 1 _aBorland, Hal,
_d1900-1978.
_912790
245 1 0 _aHigh, wide and lonesome / :
_bHal Borland .
260 _aPhiladelphia :
_bLippincott,
_c1956.
300 _a251 p. ;
_c21 cm.
650 4 _aNovela estadounidense
_9262
650 4 _aLiteratura estadounidense
_9263
910 _aCatalogación por copia/LC
999 _c4145
_d4145